000 00434nam a2200169Ia 4500
008 230524s9999 xx 000 0 und d
020 _a9788120309432
082 _a3
_bDEB
100 _aKalyanmoy Deb
245 0 _aOptimization for Engineering Design: Algorithms and Examples
250 _aIST
260 _aNEW DELHI
_bPHI
_c2009
300 _aXIV;381
500 _aQuantity Number: 100
650 _aMathematics
942 _cBK
999 _c47056
_d47056